000 00289nam a2200109Ia 4500
008 220204s9999 xx 000 0 und d
082 _a658.8(035)
_bDIL
245 0 _aHandbook of international direct marketing
260 _aLondon
_bMcGraw Hill
_c1976
700 _aDillon, John
942 _cBK
999 _c24902
_d24902